Flexiistota a jej kontroverzný dopad na európske trhy práce

Koncept flexiistoty. Postulát rastúcej nestability zamestnanosti a segmentácie trhu práce. Nová koncepcia istoty. Želateľné formy flexibility a istoty podľa Zelenej knihy EK. Dánsky model. Úloha modelov v realizácii politiky flexiistoty.

Salvato in:
Dettagli Bibliografici
Autore principale: Přívara, Andrej, 1983-
Altri autori: Rievajová, Eva
Natura: Capitolo di libro
Lingua:slovacco
Soggetti:
Tags: Aggiungi Tag
Nessun Tag, puoi essere il primo ad aggiungerne!!

MARC

LEADER 00000nla a2200000 4500
001 0241206
005 20240502095241.4
041 0 |a slo 
044 |a SK 
245 1 0 |a Flexiistota a jej kontroverzný dopad na európske trhy práce  |c Andrej Přívara, Eva Rievajová 
520 |a Koncept flexiistoty. Postulát rastúcej nestability zamestnanosti a segmentácie trhu práce. Nová koncepcia istoty. Želateľné formy flexibility a istoty podľa Zelenej knihy EK. Dánsky model. Úloha modelov v realizácii politiky flexiistoty. 
610 2 0 |a flexikurita 
610 2 0 |a trh práce 
610 2 0 |a Slovensko 
610 2 0 |a Európa 
610 2 0 |a legislatíva 
610 2 0 |a politika zamestnanosti 
610 2 0 |a Dánsko 
610 2 0 |a Holandsko 
610 2 0 |a stabilita hospodárstva 
100 1 |a Přívara, Andrej, 1983- 
700 1 |a Rievajová, Eva